Environment, education and society in the Asia-Pacific: Local traditions and global discourses (Record no. 1385586)

MARC details
000 -LEADER
fixed length control field 00718nam a2200229Ia 4500
005 - DATE AND TIME OF LATEST TRANSACTION
control field 20250508163839.0
008 - FIXED-LENGTH DATA ELEMENTS--GENERAL INFORMATION
fixed length control field 008 250505s9999 xx 000 0 eng d
020 ## - INTERNATIONAL STANDARD BOOK NUMBER
International Standard Book Number 0-415-20581-6
037 ## - SOURCE OF ACQUISITION
Stock number Reference
040 ## - CATALOGING SOURCE
Original cataloging agency FEDL
Language of cataloging eng
Transcribing agency FEDL
041 ## - LANGUAGE CODE
Language code of text/sound track or separate title eng
Source of code eng
084 ## - COLON CLASSIFICATION NUMBER
Classification number 363.7, YEN
Assigning agency FEDL
100 ## - MAIN ENTRY--PERSONAL NAME
Personal name Yencken David Ed.
9 (RLIN) 776528
245 #0 - TITLE STATEMENT
Title Environment, education and society in the Asia-Pacific: Local traditions and global discourses
260 ## - PUBLICATION, DISTRIBUTION, ETC.
Place of publication, distribution, etc. London, UK
Name of publisher, distributor, etc. Routledge
Date of publication, distribution, etc. 2000
300 ## - PHYSICAL DESCRIPTION
Extent xviii,341p.
365 ## - TRADE PRICE
Price type code GBP
Price amount 75
650 ## - SUBJECT ADDED ENTRY--TOPICAL TERM
Topical term or geographic name entry element Environmental education
9 (RLIN) 766882
700 ## - ADDED ENTRY--PERSONAL NAME
Personal name Fien John Ed. Sykes Helen Ed.
9 (RLIN) 776529
942 ## - ADDED ENTRY ELEMENTS (KOHA)
Koha item type Reference
Classification part 363.7, YEN
Holdings
Withdrawn status Lost status Damaged status Not for loan Home library Current library Date acquired Cost, normal purchase price Total Checkouts Full call number Barcode Date last seen Price effective from Koha item type
        Department of Education Library Department of Education Library 2025-05-08 75.00   363.7, YEN EL0079154 2025-05-08 2025-05-08 Reference
Copyright @ Delhi University Library System